书目信息 |
| 题名: |
音乐剧概论
|
|
| 作者: | 黄定宇 著 | |
| 分册: | ||
| 出版信息: | 北京 中国戏剧出版社 2003 |
|
| 页数: | 292页 | |
| 开本: | 24cm | |
| 丛书名: | 纵横娱乐经济文库 | |
| 单 册: | ||
| 中图分类: | J833 | |
| 科图分类: | ||
| 主题词: | 歌舞剧--概论 , 歌舞剧 | |
| 电子资源: | ||
| ISBN: | 7-104-01580-9 | |
| 000 | 00849oam2 2200277 450 | |
| 001 | 1235920676 | |
| 005 | 20121019095935.04 | |
| 010 | @a7-104-01580-9@dCNY58.00 | |
| 100 | @a20031117d2003 em y0chiy50 ea | |
| 101 | 0 | @achi |
| 102 | @aCN@b110000 | |
| 105 | @aa z 000yy | |
| 200 | 1 | @a音乐剧概论@Ayin yue ju gai lun@f黄定宇著 |
| 210 | @a北京@c中国戏剧出版社@d2003 | |
| 215 | @a292页@c照片@d24cm | |
| 225 | 2 | @a纵横娱乐经济文库 |
| 330 | @a本书探讨了音乐剧的基本概念、历史轨迹核和相关课题。内容涵盖音乐剧意义的追寻、音乐剧的历程、音乐剧的主要流派等八章。 | |
| 461 | 0 | @12001 @a纵横娱乐经济文库 |
| 510 | 1 | @aThe Panorama of Musical@zeng |
| 606 | 0 | @a歌舞剧@x概论 |
| 606 | 0 | @a歌舞剧 |
| 610 | 0 | @a音乐剧 |
| 690 | @aJ833@v4 | |
| 701 | 0 | @a黄定宇@Ahuang ding yu@c(音乐)@4著 |
| 801 | 0 | @aCN@bNLC@c20101222 |
| 905 | @a10447@dJ833@eJY21 | |
| 音乐剧概论/黄定宇著.-北京:中国戏剧出版社,2003 |
| 292页:照片;24cm.-(纵横娱乐经济文库) |
| ISBN 7-104-01580-9:CNY58.00 |
| 本书探讨了音乐剧的基本概念、历史轨迹核和相关课题。内容涵盖音乐剧意义的追寻、音乐剧的历程、音乐剧的主要流派等八章。 |
| ● |
| 相关链接 |
|
|
|
|
正题名:音乐剧概论
索取号:J833/JY21
 
预约/预借
| 序号 | 登录号 | 条形码 | 馆藏地/架位号 | 状态 | 备注 |
| 1 | 7834026 | 278340261 | 学院路分馆/ [索取号:J833/JY21] | 在馆 | |
| 2 | 7834027 | 278340270 | 学院路分馆/ [索取号:J833/JY21] | 在馆 | |
| 3 | 7834028 | 278340289 | 学院路分馆/ [索取号:J833/JY21] | 在馆 |